000 00768nam a2200253Ia 4500
003 OSt
005 20221005034133.0
006 a|||||r|||| 00| 0
007 ta
008 221004b |||||||| |||| 00| 0 urd d
020 _a9789387539235 (hbk)
_cINR 225.00
024 _a36880
037 _b5174, 07/03/2018, Kitabi Duniya
_cTextual
040 _aCRL
_cCRL
_burd
041 _2urd
_aurd
082 _aO168,1N691x, Q7
100 _aKarimi Naushad Ahmad Au.
_9177945
245 0 _aAawazien
260 _aDelhi
_bEducational publishing house India
_c2017
300 _a208p.
_ccm.
650 _aURDU POETRY
942 _hO168,1N691x, Q7
_cTEXL
_2cc
999 _c942758
_d942758